01089nam a2200241 a 4500001000900000005001700009008004100026020001500067040002800082050002400110245021700134260004400351300004200395500012400437504003100561610004600592650004300638650004700681650003400728700003600762700002600798700002300824BRCA_64720190320203108.0070205s2006 it-a---##b---#000-0ceng-d a8889902108 aNcRMAbMoSRcMoKNAdDLC 4aND621.B7b.G74 200610aGreat Painters in Bresciabfrom the Renaissance to the 18th Century : from the Pinacoteca Tosio Martinengocexhibition curated by Penelope Hunter-Stiebel ; catalog editors Elena Lucchesi Ragni, Renata Stradiotti. aConeglianobLinea D´Ombra Libricc2006 a167 p.bil. (algunas a color)c26 cm. aCatálogo de la exposición realizada en The Portland Art Museum (Portland, Oregón), 29 abril - 17 septiembre, 2006 aBibliografía: p. 159-16724aPinacoteca Tosio MartinengovExposiciones14aPintura italianavExposicioneszItalia14aPintura renacentistavExposicioneszItalia14aPinturavExposicioneszItalia1 aHunter-Stiebel, Peneloped1946-1 aLucchesi Ragni, Elena1 aStradiotti, Renata